[Event "Capablanca Memorial op-B 48th"]
[Site "Havana"]
[Date "2013.04.29"]
[Round "8"]
[White "Garcia Matos, Richard Alejandro"]
[Black "Espin Diaz, Edwin Alexander"]
[Result "1-0"]
[WhiteElo "2253"]
[BlackElo "1870"]
[PlyCount "105"]
[EventDate "2013.04.21"]
[EventType "swiss"]
[EventRounds "9"]
[EventCountry "CUB"]
[SourceTitle "CBM 154 Extra"]
[Source "ChessBase"]
[SourceDate "2013.06.25"]
[SourceVersion "2"]
[SourceVersionDate "2013.06.25"]
[SourceQuality "1"]

1. Nf3 Nf6 2. c4 c5 3. Nc3 e6 4. g3 b6 5. Bg2 Bb7 6. 0-0 Be7 7. d4 cxd4 8. Qxd4 Nc6 9. Qf4 a6 10. Rd1 d6 11. b3 Qb8 12. e4 0-0 13. Bb2 Rd8 14. Rac1 Ne5 15. Nd4 Bf8 16. h3 Qa7 17. Qe3 Ned7 18. Nde2 Rac8 19. g4 Qa8 20. Ng3 Bc6 21. g5 Ne8 22. h4 b5 23. h5 g6 24. Nce2 bxc4 25. Rxc4 Ne5 26. Rcd4 Bg7 27. R4d2 Qb8 28. Nd4 Ba8 29. f4 Nc6 30. hxg6 hxg6 31. Nf3 Bxb2 32. Rxb2 d5 33. e5 Ng7 34. Nd4 Qa7 35. Kf2 Nxd4 36. Qxd4 Qxd4+ 37. Rxd4 Rc1 38. Ra4 Bb7 39. Rb4 Rc7 40. Ne2 Nf5 41. Bh3 Ne7 42. Nd4 Rdc8 43. Rd2 Bc6 44. Rb6 a5 45. Bf1 Kg7 46. Rc2 Bb7 47. Rxc7 Rxc7 48. Rxe6 Nc8 49. Rf6 Rc1 50. e6 Nd6 51. Bd3 Ba6 52. e7 Ne4+ 53. Bxe4 1-0

[Event "Capablanca Memorial op-B 48th"]
[Site "Havana"]
[Date "2013.04.25"]
[Round "5"]
[White "Almirall Exposito, Pedro Antonio"]
[Black "Espin Diaz, Edwin Alexander"]
[Result "0-1"]
[WhiteElo "2192"]
[BlackElo "1870"]
[PlyCount "122"]
[EventDate "2013.04.21"]
[EventType "swiss"]
[EventRounds "9"]
[EventCountry "CUB"]
[SourceTitle "CBM 154 Extra"]
[Source "ChessBase"]
[SourceDate "2013.06.25"]
[SourceVersion "2"]
[SourceVersionDate "2013.06.25"]
[SourceQuality "1"]

1. d4 Nf6 2. c4 c5 3. d5 g6 4. Nc3 Bg7 5. Nf3 0-0 6. g3 d6 7. Bg2 Na6 8. 0-0 Nc7 9. Qc2 a6 10. a4 Rb8 11. a5 b5 12. axb6 Rxb6 13. Na4 Rb8 14. Bd2 e6 15. e4 exd5 16. cxd5 Bg4 17. Nc3 Nb5 18. Nxb5 axb5 19. Nh4 Qb6 20. h3 Bc8 21. Ba5 Qb7 22. e5 dxe5 23. Qxc5 e4 24. Bd2 Qxd5 25. Qxd5 Nxd5 26. Bxe4 Bxh3 27. Rfb1 Be6 28. Nf3 Nf6 29. Bc6 Bd5 30. Ra6 Rfc8 31. Bf4 Rxc6 32. Rxc6 Bxc6 33. Bxb8 Bxf3 34. Rc1 h5 35. Rc5 Be2 36. Rc8+ Kh7 37. Rc7 Bc4 38. Rb7 Ne4 39. b4 Nc3 40. Bd6 Na2 41. f3 Bc3 42. Rb8 Nxb4 43. Kh2 Nd3 44. Rc8 Be5 45. Be7 Bg7 46. Rb8 Ne5 47. Kg2 Nc6 48. Rb7 Nxe7 49. Rxe7 g5 50. Re8 Kg6 51. Re7 g4 52. fxg4 hxg4 53. Kh2 Kf5 54. Rc7 Bd4 55. Rc6 Ke4 56. Rc8 Kd3 57. Rc6 b4 58. Rc8 b3 59. Rb8 b2 60. Rb4 Bc3 61. Rb7 Kc2 0-1